<?xml version="1.0" encoding="UTF-8"?>
<record
    xmlns:xsi="http://www.w3.org/2001/XMLSchema-instance"
    xsi:schemaLocation="http://www.loc.gov/MARC21/slim http://www.loc.gov/standards/marcxml/schema/MARC21slim.xsd"
    xmlns="http://www.loc.gov/MARC21/slim">

  <leader>00501nam a2200181Ia 4500</leader>
  <controlfield tag="001">12043</controlfield>
  <controlfield tag="005">20260306162912.0</controlfield>
  <controlfield tag="008">260306t2021||||xx |||||||||||||| ||spa||</controlfield>
  <datafield tag="041" ind1=" " ind2=" ">
    <subfield code="a">ESP</subfield>
  </datafield>
  <datafield tag="082" ind1=" " ind2=" ">
    <subfield code="a">HR 340</subfield>
    <subfield code="b">FEB 2021 DJ</subfield>
  </datafield>
  <datafield tag="110" ind1=" " ind2=" ">
    <subfield code="a">Gaceta Jur&#xED;dica</subfield>
  </datafield>
  <datafield tag="245" ind1=" " ind2="0">
    <subfield code="a">Di&#xE1;logo con la jurisprudencia:</subfield>
    <subfield code="b">actualidad jurisprudencial para jueces, fiscales y abogados litigantes</subfield>
  </datafield>
  <datafield tag="260" ind1=" " ind2=" ">
    <subfield code="c">2021</subfield>
  </datafield>
  <datafield tag="300" ind1=" " ind2=" ">
    <subfield code="a">247 p&#xE1;ginas :</subfield>
    <subfield code="c">25 cm.</subfield>
  </datafield>
  <datafield tag="650" ind1=" " ind2=" ">
    <subfield code="a">GEN</subfield>
  </datafield>
  <datafield tag="654" ind1=" " ind2=" ">
    <subfield code="a">CDE</subfield>
  </datafield>
  <datafield tag="942" ind1=" " ind2=" ">
    <subfield code="c">REV</subfield>
    <subfield code="d">JUS</subfield>
    <subfield code="f">JUS</subfield>
    <subfield code="2">ddc</subfield>
    <subfield code="n"></subfield>
  </datafield>
  <datafield tag="999" ind1=" " ind2=" ">
    <subfield code="c">12043</subfield>
    <subfield code="d">12043</subfield>
  </datafield>
  <datafield tag="952" ind1=" " ind2=" ">
    <subfield code="o">HR 340 FEB 2021 DJ</subfield>
    <subfield code="p">1074020</subfield>
    <subfield code="8">UCSP</subfield>
    <subfield code="t">1</subfield>
    <subfield code="7">0</subfield>
    <subfield code="5">2</subfield>
    <subfield code="b">VAB</subfield>
    <subfield code="a">VAB</subfield>
    <subfield code="c">PBA</subfield>
    <subfield code="d">2026-06-03</subfield>
    <subfield code="e">2</subfield>
    <subfield code="r">2026-03-06 21:29:12</subfield>
    <subfield code="l">0</subfield>
    <subfield code="w">2026-03-06</subfield>
    <subfield code="y">REV</subfield>
    <subfield code="1">0</subfield>
    <subfield code="2">ddc</subfield>
    <subfield code="4">0</subfield>
    <subfield code="0">0</subfield>
  </datafield>
</record>
